DDLC+ Poems Quiz - Statistics

General Stats
  • This quiz has been taken 3 times
  • The average score is 20 of 42
Answer Stats
Hint Answer % Correct
Natsuki Act 1 Amy Likes Spiders
100%
Yuri Act 1 Beach
100%
Natsuki Act 1 Because You
100%
Sayori Trust 1 Become the Flower
100%
Natsuki Act 1 Eagles Can Fly
100%
Yuri Act 1 Ghost under the light
100%
Yuri Act 1 Ghost under the light pt. 2
100%
Natsuki Act 1 I'll Be Your Beach
100%
Yuri Act 1 The Raccoon
100%
Yuri Act 2 Wheel
100%
Special Poem A Dream
50%
Special Poem A Dream
50%
Special Poem A Joke
50%
Monika Trust 2 A stain/(No Title)
50%
Sayori Act 1 Bottles
50%
Sayori Act 1 Dear Sunshine
50%
Special Poem Dot/I love you/(No Title)
50%
Special Poem Glitched Monika Sprite/(No Title)
50%
Monika Act 3 Happy End
50%
Special Poem happy thoughts
50%
Monika Act 1 Hole in Wall
50%
Special Poem Memento/(No Title)
50%
Natsuki Act 2 Natsuki's Request (No Title)
50%
Special Poem Nothing is real?
50%
Sayori Act 1 Percent Symbol
50%
Monika Act 1 Save Me
50%
Sayori Trust 2 Sometimes I want to die/(No Title)
50%
Sayori Trust 1 Take My Hand
50%
Natsuki Balance 2 The Best Place in the World
50%
Monika Act 1 The Lady Who Knows Everything
50%
Special Poem CAN YOU HEAR ME?
0%
Monika Physical Edition Control
0%
Monika Act 2 Hole in Wall (2)
0%
Yuri Act 2 mdpnfbo,jrfp
0%
Monika Gallery Monika's Special Events Poem
0%
Natsuki Gallery Natsuki's Special Events Poem
0%
Monika Act 2 Save Me (2)
0%
Sayori Gallery Sayori's Special Events Poem
0%
Natsuki Act 2 T3BlbiBZb3VyIFRoaXJkIEV5ZQ==
0%
Special Poem Therapy
0%
Special Poem Things I like about Papa
0%
Yuri Gallery Yuri's Special Events Poem
0%
No matching quizzes found
Score Distribution
Percent of People with Each Score
Percentile by Number Answered
Your Score History
You have not taken this quiz